Countries and Territories with Right-Hand Drive - Statistics

General Stats
  • This quiz has been taken 18 times
  • The average score is 42 of 79
Answer Stats
Answer % Correct
United Kingdom
94%
Australia
88%
Indonesia
88%
Japan
88%
New Zealand
88%
India
81%
Pakistan
81%
Botswana
75%
Cyprus
75%
Malaysia
75%
Solomon Islands
75%
Sri Lanka
75%
Thailand
75%
Bangladesh
69%
Maldives
69%
Malta
69%
Mozambique
69%
Papua New Guinea
69%
Samoa
69%
South Africa
69%
Tanzania
69%
Tuvalu
69%
Zambia
69%
Zimbabwe
69%
Eswatini
63%
Fiji
63%
Guyana
63%
Kenya
63%
Kiribati
63%
Lesotho
63%
Malawi
63%
Mauritius
63%
Namibia
63%
Saint Lucia
63%
Seychelles
63%
Bahamas
56%
Brunei
56%
Grenada
56%
Hong Kong
56%
Jamaica
56%
Nauru
56%
Singapore
56%
Suriname
56%
Tonga
56%
Uganda
56%
Antigua and Barbuda
50%
Barbados
50%
Bhutan
50%
Dominica
50%
Macau
50%
Nepal
50%
Saint Kitts and Nevis
50%
Saint Vincent and the Grenadines
50%
Trinidad and Tobago
50%
East Timor
44%
Falkland Islands
44%
Jersey
44%
Guernsey
38%
Anguilla
31%
British Virgin Islands
31%
Cayman Islands
31%
Cook Islands
31%
Isle of Man
31%
Saint Helena, Ascension and Tristan da Cunha
31%
Tokelau
31%
Bermuda
25%
Montserrat
25%
Niue
25%
Norfolk Island
25%
Pitcairn Island
25%
United States Virgin Islands
25%
Cocos Islands
19%
Irlanda
19%
South Georgia and the South Sandwich Islands
19%
Akrotiri and Dhekelia
13%
British Indian Ocean Territory
13%
Christmas Island
13%
Northern Cyprus
13%
Turks and Caicos Islands
13%
No matching quizzes found
Score Distribution
Percent of People with Each Score
Percentile by Number Answered
Your Score History
You have not taken this quiz